Statystyki dla Quiz o Peru

Kliknij tutaj aby rozwiązać quiz!

Ogólne statystyki

  • Ten quiz został rozwiązany 1 452 razy
  • Średni wynik to 8 z 20

Statystyki odpowiedzi

WskazówkaOdpowiedź% Poprawnych
StolicaLima
95%
Najczęściej używany językHiszpański
89%
Imperium, które władało terytoriami
kraju w czasie hiszpańskich podbojów
Imperium Inków
79%
Pasmo górskie, które przebiega
przez Peru
Andy
76%
Mniejsza wersja lamyAlpaka
75%
Starożytne miasto będące popularną
atrakcją turystyczną w Peru
Machu Picchu
62%
Stolica powyższego imperiumCuzco
44%
Wysoko położone jezioro podzielone
między Peru i Boliwię
Titicaca
39%
Konkwistador, który podbił
to imperium
Francisco Pizarro
31%
Udomowiony gryzoń, potocznie
nazywany świnką morską
Kawia domowa
23%
Najczęściej używany rodzimy językKeczua
22%
Nawóz, który był niegdyś obfity
na peruwiańskich wyspach Chincha
Guano
19%
Jednostka monetarnaSol
19%
Drugie lub trzecie największe miasto
(nazwij którekolwiek)
Trujillo / Arequipa
17%
Partyzanci maoistyczni, którzy
terroryzowali kraj w latach 80.
{Świetlisty} Szlak
15%
Potrawa zrobiona z surowej ryby
marynowanej w soku z cytrusów
Ceviche
13%
Dawny prezydent kraju, który się
ich pozbył, ale został skazany za
łamanie praw człowieka, przez co
uciekł do Japonii
Alberto Fujimori
11%
Płaskowyż w powyższym regionie
podzielony między Peru i Boliwię
Alti{plano}
11%
Nasiono, które rośnie na obszarach
górskich i jest modną zdrową
żywnością na całym świecie
Komosa ryżowa
11%
Koktajl narodowy{Pisco} Sour
11%

Rozkład punktacji

Percentyl według liczby udzielonych odpowiedzi

Procent ludzi z każdym wynikiem

Twoja historia wyników

Nie rozwiązałeś tego quizu